[Event "EYTCC-G"]
[Site "?"]
[Date "2017.08.18"]
[Round "2.16"]
[White "Ozbay, Ece"]
[Black "Ganzova, Veronika"]
[Result "1-0"]
[BlackElo "1608"]
[WhiteElo "1966"]
[LiveChessVersion "1.4.6"]

1. e4 {[%clk 1:30:52]} e5 {[%clk 1:30:44]} 2. Nf3 {[%clk 1:31:16]} Nc6
{[%clk 1:30:55]} 3. Bb5 {[%clk 1:31:35]} a6 {[%clk 1:31:07]} 4. Ba4
{[%clk 1:31:58]} Nf6 {[%clk 1:31:08]} 5. O-O {[%clk 1:32:20]} b5 {[%clk 1:31:04]}
6. Bb3 {[%clk 1:32:47]} Be7 {[%clk 1:30:57]} 7. Re1 {[%clk 1:33:06]} O-O
{[%clk 1:30:53]} 8. c3 {[%clk 1:33:22]} d6 {[%clk 1:30:24]} 9. h3
{[%clk 1:33:37]} Na5 {[%clk 1:24:51]} 10. Bc2 {[%clk 1:33:10]} c5
{[%clk 1:24:27]} 11. d4 {[%clk 1:33:17]} Qc7 {[%clk 1:22:48]} 12. d5
{[%clk 1:33:31]} Re8 {[%clk 1:14:29]} 13. b3 {[%clk 1:32:21]} Bd7
{[%clk 1:12:07]} 14. Nbd2 {[%clk 1:31:52]} Bf8 {[%clk 0:58:18]} 15. Nf1
{[%clk 1:31:14]} g6 {[%clk 0:56:43]} 16. N3h2 {[%clk 1:30:23]} Bg7
{[%clk 0:49:19]} 17. g4 {[%clk 1:28:05]} h6 {[%clk 0:45:50]} 18. Ng3
{[%clk 1:27:12]} Nb7 {[%clk 0:40:14]} 19. Be3 {[%clk 1:26:54]} Rf8
{[%clk 0:30:27]} 20. Qd2 {[%clk 1:22:24]} Kh7 {[%clk 0:29:08]} 21. f4
{[%clk 1:14:42]} exf4 {[%clk 0:20:22]} 22. Bxf4 {[%clk 1:15:02]} Ng8
{[%clk 0:15:38]} 23. Nf3 {[%clk 1:13:45]} Rae8 {[%clk 0:13:06]} 24. Rad1
{[%clk 1:02:13]} a5 {[%clk 0:07:09]} 25. c4 {[%clk 0:55:22]} b4 {[%clk 0:05:23]}
26. e5 {[%clk 0:49:55]} dxe5 {[%clk 0:02:13]} 27. d6 {[%clk 0:50:03]} Qc6
{[%clk 0:01:54]} 28. Nxe5 {[%clk 0:50:07]} Qc8 {[%clk 0:01:40]} 29. Qd3
{[%clk 0:44:18]} Bxe5 {[%clk 0:01:30]} 30. Bxe5 {[%clk 0:43:26]} Re6
{[%clk 0:01:44]} 31. Re2 {[%clk 0:39:07]} Rfe8 {[%clk 0:02:05]} 32. Rde1
{[%clk 0:39:28]} Qc6 {[%clk 0:01:55]} 33. Nh5 {[%clk 0:36:42]} Nxd6
{[%clk 0:00:57]} 34. Nf4 {[%clk 0:36:51]} Nc8 {[%clk 0:00:47]} 35. Nxe6
{[%clk 0:36:54]} Rxe6 {[%clk 0:01:10]} 36. Rf1 {[%clk 0:35:15]} Be8
{[%clk 0:00:53]} 37. Qd8 {[%clk 0:31:04]} Nb6 {[%clk 0:00:47]} 38. Be4
{[%clk 0:30:35]} Qd7 {[%clk 0:00:53]} 39. Qxd7 {[%clk 0:30:20]} Nxd7
{[%clk 0:01:21]} 40. Bc7 {[%clk 1:00:10]} Ngf6 {[%clk 0:30:43]} 41. Bf3
{[%clk 1:00:15]} Ra6 {[%clk 0:27:12]} 42. Rfe1 {[%clk 0:58:53]} Re6
{[%clk 0:22:28]} 43. Rxe6 {[%clk 0:58:49]} fxe6 {[%clk 0:22:49]} 44. Rxe6
{[%clk 0:59:16]} Kg7 {[%clk 0:20:52]} 45. h4 {[%clk 0:57:29]} Kf7
{[%clk 0:18:39]} 46. Re1 {[%clk 0:57:45]} Nf8 {[%clk 0:16:21]} 47. g5
{[%clk 0:58:00]} hxg5 {[%clk 0:13:43]} 48. hxg5 {[%clk 0:58:27]} 1-0

[Event "EYTCC-G"]
[Site "?"]
[Date "2017.08.18"]
[Round "2.17"]
[White "Olechnicka, Karolina"]
[Black "Kozubal, Aleksandra"]
[Result "1/2-1/2"]
[BlackElo "1733"]
[WhiteElo "1938"]
[LiveChessVersion "1.4.6"]

1. e4 {[%clk 1:30:55]} e5 {[%clk 1:30:46]} 2. Nf3 {[%clk 1:31:19]} Nf6
{[%clk 1:31:03]} 3. d4 {[%clk 1:31:43]} Nxe4 {[%clk 1:29:21]} 4. Bd3
{[%clk 1:18:16]} d5 {[%clk 1:24:54]} 5. Nxe5 {[%clk 1:17:36]} Be7
{[%clk 1:16:21]} 6. O-O {[%clk 1:08:58]} O-O {[%clk 1:15:44]} 7. Be3
{[%clk 1:02:00]} f6 {[%clk 1:09:28]} 8. Nc4 {[%clk 0:59:18]} Nc6 {[%clk 1:05:18]}
9. c3 {[%clk 0:53:10]} f5 {[%clk 1:03:17]} 10. f3 {[%clk 0:47:47]} Ng5
{[%clk 0:58:39]} 11. Ne5 {[%clk 0:47:50]} Nxe5 {[%clk 0:56:45]} 12. dxe5
{[%clk 0:48:12]} f4 {[%clk 0:54:24]} 13. Bf2 {[%clk 0:48:07]} c6 {[%clk 0:43:37]}
14. Qc2 {[%clk 0:45:09]} h6 {[%clk 0:37:54]} 15. Nd2 {[%clk 0:43:28]} Qc7
{[%clk 0:31:25]} 16. Rfe1 {[%clk 0:41:29]} Be6 {[%clk 0:31:09]} 17. c4
{[%clk 0:38:18]} Bb4 {[%clk 0:26:47]} 18. c5 {[%clk 0:28:56]} Qd7
{[%clk 0:24:11]} 19. a3 {[%clk 0:22:10]} Bxd2 {[%clk 0:19:42]} 20. Qxd2
{[%clk 0:22:32]} Rae8 {[%clk 0:18:32]} 21. h4 {[%clk 0:15:36]} Nh7
{[%clk 0:18:15]} 22. Qc2 {[%clk 0:15:47]} g5 {[%clk 0:17:47]} 23. Re2
{[%clk 0:14:03]} Bf5 {[%clk 0:14:04]} 24. Rae1 {[%clk 0:12:22]} Bxd3
{[%clk 0:14:08]} 25. Qxd3 {[%clk 0:12:37]} Re6 {[%clk 0:14:24]} 26. b4
{[%clk 0:12:09]} Rfe8 {[%clk 0:12:52]} 27. Qf5 {[%clk 0:11:40]} Qf7
{[%clk 0:12:17]} 28. Qh3 {[%clk 0:08:56]} Qg6 {[%clk 0:08:59]} 29. Bd4
{[%clk 0:06:00]} Nf8 {[%clk 0:05:13]} 30. Kf2 {[%clk 0:05:27]} Qd3
{[%clk 0:04:42]} 31. Bb2 {[%clk 0:05:47]} Ng6 {[%clk 0:04:49]} 32. hxg5
{[%clk 0:05:20]} hxg5 {[%clk 0:05:14]} 33. Rh1 {[%clk 0:03:31]} Nh4
{[%clk 0:03:16]} 34. Qg4 {[%clk 0:03:42]} Qg6 {[%clk 0:03:06]} 35. Rhe1
{[%clk 0:03:00]} Qf5 {[%clk 0:02:57]} 36. g3 {[%clk 0:01:06]} Qxg4
{[%clk 0:02:08]} 37. fxg4 {[%clk 0:01:33]} Ng6 {[%clk 0:01:34]} 38. a4
{[%clk 0:00:34]} Kg7 {[%clk 0:01:19]} 39. Bc3 {[%clk 0:00:33]} Rh8
{[%clk 0:01:27]} 40. Kg2 {[%clk 0:30:40]} fxg3 {[%clk 0:30:45]} 41. Kxg3
{[%clk 0:27:04]} Nf4 {[%clk 0:30:28]} 42. Rh2 {[%clk 0:25:53]} Rxh2 1/2-1/2

[Event "EYTCC-G"]
[Site "?"]
[Date "2017.08.18"]
[Round "2.18"]
[White "Krzysztynska, Anna"]
[Black "Moscicka, Pola"]
[Result "1/2-1/2"]
[BlackElo "1869"]
[WhiteElo "1717"]
[LiveChessVersion "1.4.6"]

1. e4 {[%clk 1:30:55]} c5 {[%clk 1:30:56]} 2. c3 {[%clk 1:31:02]} d5
{[%clk 1:31:09]} 3. exd5 {[%clk 1:31:20]} Qxd5 {[%clk 1:31:32]} 4. d4
{[%clk 1:31:33]} Nc6 {[%clk 1:31:52]} 5. Nf3 {[%clk 1:31:43]} Bg4
{[%clk 1:32:04]} 6. Be2 {[%clk 1:31:44]} cxd4 {[%clk 1:32:17]} 7. cxd4
{[%clk 1:31:32]} e6 {[%clk 1:32:27]} 8. Nc3 {[%clk 1:29:27]} Qa5 {[%clk 1:32:06]}
9. O-O {[%clk 1:28:30]} Nf6 {[%clk 1:32:02]} 10. Be3 {[%clk 1:25:17]} Be7
{[%clk 1:30:01]} 11. Re1 {[%clk 1:21:30]} O-O {[%clk 1:27:51]} 12. a3
{[%clk 1:18:31]} Rac8 {[%clk 1:26:28]} 13. Rc1 {[%clk 1:14:52]} a6
{[%clk 1:20:38]} 14. h3 {[%clk 1:10:44]} Bh5 {[%clk 1:19:37]} 15. Qb3
{[%clk 1:07:17]} Qc7 {[%clk 1:08:18]} 16. Na4 {[%clk 1:02:34]} Nd5
{[%clk 1:03:55]} 17. Nc5 {[%clk 0:49:21]} Bxc5 {[%clk 1:02:54]} 18. Rxc5
{[%clk 0:48:23]} f6 {[%clk 0:52:19]} 19. Rec1 {[%clk 0:41:07]} Qd7
{[%clk 0:51:33]} 20. Qa4 {[%clk 0:37:12]} Nb6 {[%clk 0:45:29]} 21. Qb3
{[%clk 0:34:33]} Nd5 {[%clk 0:44:13]} 22. Qa4 {[%clk 0:31:53]} Nb6
{[%clk 0:35:52]} 23. Qb3 {[%clk 0:29:26]} Nd5 {[%clk 0:36:03]} 24. Qa4
{[%clk 0:28:21]} Nb6 {[%clk 0:36:03]} 25. Qb3 {[%clk 0:23:59]} 1/2-1/2

[Event "EYTCC-G"]
[Site "?"]
[Date "2017.08.19"]
[Round "3.1"]
[White "Martynkova, Olena"]
[Black "Narva, Mai"]
[Result "1-0"]
[BlackElo "2210"]
[WhiteElo "2179"]
[LiveChessVersion "1.4.6"]

1. d4 {[%clk 1:30:55]} Nf6 {[%clk 1:30:51]} 2. Nf3 {[%clk 1:31:07]} d5
{[%clk 1:31:08]} 3. c4 {[%clk 1:31:17]} e6 {[%clk 1:31:26]} 4. g3
{[%clk 1:31:28]} Be7 {[%clk 1:31:43]} 5. Bg2 {[%clk 1:31:42]} O-O
{[%clk 1:31:56]} 6. O-O {[%clk 1:31:53]} c6 {[%clk 1:32:07]} 7. Qc2
{[%clk 1:30:52]} b6 {[%clk 1:32:06]} 8. Nbd2 {[%clk 1:28:19]} Bb7
{[%clk 1:32:11]} 9. e4 {[%clk 1:24:45]} Na6 {[%clk 1:32:20]} 10. cxd5
{[%clk 1:16:43]} cxd5 {[%clk 1:31:19]} 11. e5 {[%clk 1:16:04]} Ne4
{[%clk 1:14:10]} 12. a3 {[%clk 1:13:21]} Qd7 {[%clk 1:01:53]} 13. Re1
{[%clk 1:07:07]} Rfc8 {[%clk 1:00:18]} 14. Qd1 {[%clk 1:05:26]} h6
{[%clk 0:54:34]} 15. h4 {[%clk 1:02:40]} Rc7 {[%clk 0:45:17]} 16. Nh2
{[%clk 0:58:04]} Rd8 {[%clk 0:44:18]} 17. Ndf1 {[%clk 0:50:28]} Bc6
{[%clk 0:25:34]} 18. Qh5 {[%clk 0:45:29]} f5 {[%clk 0:00:54]} 19. f3
{[%clk 0:40:02]} Nec5 {[%clk 0:00:39]} 20. dxc5 {[%clk 0:36:51]} Bxc5+
{[%clk 0:00:40]} 21. Kh1 {[%clk 0:36:56]} d4 {[%clk 0:00:47]} 22. b4
{[%clk 0:32:07]} Bxb4 {[%clk 0:00:41]} 23. axb4 {[%clk 0:30:55]} Nxb4
{[%clk 0:01:04]} 24. Qg6 {[%clk 0:24:39]} Kh8 {[%clk 0:00:39]} 25. g4
{[%clk 0:23:56]} Nc2 {[%clk 0:00:38]} 26. Bd2 {[%clk 0:23:24]} Nxa1
{[%clk 0:00:41]} 27. Rxa1 {[%clk 0:23:49]} Qf7 {[%clk 0:00:37]} 28. gxf5
{[%clk 0:23:27]} Qxf5 {[%clk 0:00:38]} 29. Qxf5 {[%clk 0:22:54]} exf5
{[%clk 0:01:03]} 30. f4 {[%clk 0:22:20]} a5 {[%clk 0:00:42]} 31. Bxc6
{[%clk 0:18:43]} Rxc6 {[%clk 0:01:07]} 32. Nf3 {[%clk 0:18:18]} Rc4
{[%clk 0:00:35]} 33. Rb1 {[%clk 0:15:01]} Rc6 {[%clk 0:00:52]} 34. h5
{[%clk 0:13:43]} g6 {[%clk 0:00:35]} 35. Ng3 {[%clk 0:10:09]} Kh7
{[%clk 0:00:34]} 36. hxg6+ {[%clk 0:08:18]} Kxg6 {[%clk 0:00:52]} 37. Nh4+
{[%clk 0:08:22]} Kf7 {[%clk 0:01:06]} 38. Nhxf5 {[%clk 0:07:57]} a4
{[%clk 0:00:58]} 39. Bb4 {[%clk 0:06:30]} d3 {[%clk 0:00:41]} 40. Ne4
{[%clk 0:35:30]} Rc2 {[%clk 0:30:38]} 41. Ned6+ {[%clk 0:35:00]} Rxd6
{[%clk 0:17:25]} 42. Nxd6+ {[%clk 0:34:58]} Ke6 {[%clk 0:17:43]} 43. Rd1
{[%clk 0:33:13]} a3 {[%clk 0:17:01]} 44. Bxa3 {[%clk 0:32:47]} d2
{[%clk 0:17:14]} 45. Ne4 {[%clk 0:32:34]} Rc4 {[%clk 0:16:25]} 46. Rxd2
{[%clk 0:28:12]} Rxe4 {[%clk 0:16:30]} 47. Rd6+ {[%clk 0:28:37]} Kf7
{[%clk 0:15:26]} 48. Rf6+ {[%clk 0:28:47]} Kg7 {[%clk 0:15:43]} 49. Bf8+
{[%clk 0:28:31]} Kg8 {[%clk 0:15:59]} 50. Bxh6 {[%clk 0:28:44]} b5
{[%clk 0:16:12]} 51. Rb6 {[%clk 0:28:43]} b4 {[%clk 0:16:15]} 52. Kg2
{[%clk 0:28:39]} 1-0

[Event "EYTCC-G"]
[Site "?"]
[Date "2017.08.19"]
[Round "3.2"]
[White "Olde, Margareth"]
[Black "Krasnokutskaya, Sofiya"]
[Result "0-1"]
[BlackElo "2182"]
[WhiteElo "2122"]
[LiveChessVersion "1.4.6"]

1. d4 {[%clk 1:30:57]} Nf6 {[%clk 1:30:53]} 2. c4 {[%clk 1:31:18]} e6
{[%clk 1:31:13]} 3. Nf3 {[%clk 1:31:42]} b6 {[%clk 1:31:29]} 4. g3
{[%clk 1:31:36]} Bb7 {[%clk 1:31:50]} 5. Bg2 {[%clk 1:31:52]} Be7
{[%clk 1:32:11]} 6. Nc3 {[%clk 1:30:42]} O-O {[%clk 1:32:17]} 7. O-O
{[%clk 1:30:55]} Ne4 {[%clk 1:32:30]} 8. Bd2 {[%clk 1:30:57]} f5 {[%clk 1:31:40]}
9. Ne5 {[%clk 1:26:10]} Nxc3 {[%clk 1:31:46]} 10. Bxc3 {[%clk 1:25:28]} Bxg2
{[%clk 1:32:08]} 11. Kxg2 {[%clk 1:25:54]} Bf6 {[%clk 1:27:35]} 12. Qd3
{[%clk 1:19:31]} d6 {[%clk 1:17:28]} 13. Qf3 {[%clk 1:10:45]} Nd7
{[%clk 1:09:03]} 14. Nc6 {[%clk 0:51:40]} Qe8 {[%clk 1:09:24]} 15. e4
{[%clk 0:47:17]} fxe4 {[%clk 1:07:08]} 16. Qxe4 {[%clk 0:47:39]} Qf7
{[%clk 1:06:21]} 17. Rae1 {[%clk 0:41:20]} Rfe8 {[%clk 0:57:25]} 18. f4
{[%clk 0:40:07]} Nf8 {[%clk 0:55:12]} 19. Qf3 {[%clk 0:36:53]} Qd7
{[%clk 0:53:36]} 20. d5 {[%clk 0:30:45]} Bxc3 {[%clk 0:42:43]} 21. Qxc3
{[%clk 0:31:01]} a5 {[%clk 0:34:23]} 22. Qf3 {[%clk 0:28:05]} Kh8
{[%clk 0:27:19]} 23. Qh5 {[%clk 0:23:32]} exd5 {[%clk 0:25:01]} 24. cxd5
{[%clk 0:23:50]} g6 {[%clk 0:21:34]} 25. Qg5 {[%clk 0:21:32]} Qg7
{[%clk 0:21:00]} 26. b3 {[%clk 0:16:00]} Nd7 {[%clk 0:20:32]} 27. h4
{[%clk 0:06:26]} Nf6 {[%clk 0:15:55]} 28. f5 {[%clk 0:04:34]} gxf5
{[%clk 0:14:17]} 29. Qxf5 {[%clk 0:04:31]} Ng4 {[%clk 0:14:19]} 30. Rxe8+
{[%clk 0:00:53]} Rxe8 {[%clk 0:14:47]} 31. Kh3 {[%clk 0:00:44]} Ne3
{[%clk 0:12:20]} 32. Re1 {[%clk 0:00:58]} Qxg3+ {[%clk 0:12:06]} 33. Kxg3
{[%clk 0:01:27]} Nxf5+ {[%clk 0:12:29]} 34. Kf2 {[%clk 0:01:56]} Rxe1
{[%clk 0:12:46]} 35. Kxe1 {[%clk 0:02:23]} Kg7 {[%clk 0:12:13]} 36. Kd2
{[%clk 0:01:21]} Kf6 {[%clk 0:10:43]} 37. Kd3 {[%clk 0:00:40]} Nxh4
{[%clk 0:07:01]} 38. Ke4 {[%clk 0:00:46]} Nf5 {[%clk 0:06:41]} 39. Na7
{[%clk 0:00:45]} h5 {[%clk 0:03:31]} 40. Nb5 {[%clk 0:31:04]} h4 {[%clk 0:33:50]}
41. Nxc7 {[%clk 0:30:42]} h3 {[%clk 0:33:49]} 42. Kf3 {[%clk 0:30:46]} Ke5
{[%clk 0:33:45]} 43. Kf2 {[%clk 0:22:58]} Ne3 {[%clk 0:31:41]} 44. Kg3
{[%clk 0:22:37]} Nxd5 {[%clk 0:32:02]} 45. Na8 {[%clk 0:22:18]} Ke6
{[%clk 0:30:44]} 46. Kxh3 {[%clk 0:22:42]} Kd7 {[%clk 0:31:09]} 47. Kg4
{[%clk 0:23:04]} Kc6 {[%clk 0:31:34]} 48. Kf5 {[%clk 0:23:24]} Nb4
{[%clk 0:31:13]} 49. a3 {[%clk 0:22:43]} Nc2 {[%clk 0:31:37]} 50. b4
{[%clk 0:22:34]} axb4 {[%clk 0:31:28]} 51. axb4 {[%clk 0:23:01]} Nxb4
{[%clk 0:31:52]} 52. Ke6 {[%clk 0:22:35]} d5 {[%clk 0:31:55]} 53. Ke5
{[%clk 0:22:57]} Kb7 {[%clk 0:32:18]} 0-1

[Event "EYTCC-G"]
[Site "?"]
[Date "2017.08.19"]
[Round "3.3"]
[White "Rozman, Monika"]
[Black "Injac, Teodora"]
[Result "1/2-1/2"]
[BlackElo "2279"]
[WhiteElo "2082"]
[LiveChessVersion "1.4.6"]

1. e4 {[%clk 1:30:57]} e6 {[%clk 1:30:56]} 2. d3 {[%clk 1:31:24]} c5
{[%clk 1:31:08]} 3. g3 {[%clk 1:31:34]} Nc6 {[%clk 1:31:15]} 4. Bg2
{[%clk 1:31:51]} Nf6 {[%clk 1:30:08]} 5. Nd2 {[%clk 1:31:36]} Be7
{[%clk 1:27:56]} 6. Ngf3 {[%clk 1:30:23]} d6 {[%clk 1:25:59]} 7. O-O
{[%clk 1:30:39]} O-O {[%clk 1:26:23]} 8. h3 {[%clk 1:27:04]} Rb8 {[%clk 1:24:12]}
9. Nh2 {[%clk 1:23:15]} d5 {[%clk 1:11:51]} 10. f4 {[%clk 1:20:12]} dxe4
{[%clk 1:06:29]} 11. dxe4 {[%clk 1:19:48]} e5 {[%clk 1:06:11]} 12. f5
{[%clk 1:18:26]} b6 {[%clk 1:00:20]} 13. Re1 {[%clk 1:12:00]} Ba6
{[%clk 0:51:26]} 14. c3 {[%clk 1:07:34]} c4 {[%clk 0:42:12]} 15. Ng4
{[%clk 1:02:47]} Nxg4 {[%clk 0:36:03]} 16. Qxg4 {[%clk 1:02:51]} Bc5+
{[%clk 0:35:22]} 17. Kh2 {[%clk 1:02:44]} b5 {[%clk 0:32:37]} 18. Nf1
{[%clk 0:58:36]} f6 {[%clk 0:31:02]} 19. a3 {[%clk 0:55:57]} Kh8 {[%clk 0:27:33]}
20. Be3 {[%clk 0:50:11]} Qb6 {[%clk 0:25:29]} 21. Bxc5 {[%clk 0:46:09]} Qxc5
{[%clk 0:25:57]} 22. Ne3 {[%clk 0:45:00]} Bb7 {[%clk 0:24:08]} 23. Rad1
{[%clk 0:37:14]} Rbd8 {[%clk 0:24:10]} 24. Qe2 {[%clk 0:32:39]} Ne7
{[%clk 0:21:27]} 25. Rd2 {[%clk 0:29:21]} Qc7 {[%clk 0:15:33]} 26. Red1
{[%clk 0:28:34]} Bc6 {[%clk 0:15:05]} 27. Nc2 {[%clk 0:23:33]} Bb7
{[%clk 0:09:19]} 28. Qf2 {[%clk 0:20:34]} Rxd2 {[%clk 0:03:33]} 29. Qxd2 Bc6
{[%clk 0:03:20]} 30. Qe3 {[%clk 0:18:37]} Ba8 {[%clk 0:02:02]} 31. Rd2
{[%clk 0:16:00]} h6 {[%clk 0:02:08]} 32. Nb4 {[%clk 0:15:44]} Kh7
{[%clk 0:01:41]} 33. Na6 {[%clk 0:14:37]} Qb7 {[%clk 0:01:40]} 34. Nc5
{[%clk 0:13:56]} Qb6 {[%clk 0:02:04]} 35. Qg1 {[%clk 0:14:01]} Rd8
{[%clk 0:01:37]} 36. Rxd8 {[%clk 0:12:01]} Qxd8 {[%clk 0:02:06]} 37. Qe3
{[%clk 0:12:30]} Qb6 {[%clk 0:01:08]} 38. Kg1 {[%clk 0:10:38]} Nc8
{[%clk 0:01:28]} 39. Kf2 {[%clk 0:10:20]} Nd6 {[%clk 0:01:36]} 40. g4
{[%clk 0:39:38]} Kg8 {[%clk 0:30:48]} 41. Ke2 {[%clk 0:38:07]} Bc6
{[%clk 0:28:59]} 42. Bf3 {[%clk 0:34:52]} a5 {[%clk 0:20:39]} 43. h4
{[%clk 0:25:45]} b4 {[%clk 0:14:06]} 44. axb4 {[%clk 0:18:47]} axb4
{[%clk 0:14:31]} 45. Ne6 {[%clk 0:15:29]} Qxe3+ {[%clk 0:13:49]} 46. Kxe3
{[%clk 0:15:54]} b3 {[%clk 0:10:33]} 47. g5 {[%clk 0:13:21]} hxg5
{[%clk 0:10:41]} 48. hxg5 {[%clk 0:13:47]} Nb5 {[%clk 0:07:08]} 49. Kd2
{[%clk 0:13:39]} Nd6 {[%clk 0:07:19]} 50. Ke3 {[%clk 0:14:08]} Nb5
{[%clk 0:04:03]} 51. Kd2 {[%clk 0:14:25]} Nd6 {[%clk 0:02:57]} 52. Ke3
{[%clk 0:14:00]} Nb7 {[%clk 0:02:31]} 53. Be2 {[%clk 0:12:10]} Na5
{[%clk 0:01:19]} 54. gxf6 {[%clk 0:08:42]} gxf6 {[%clk 0:01:45]} 1/2-1/2

[Event "EYTCC-G"]
[Site "?"]
[Date "2017.08.19"]
[Round "3.4"]
[White "Gajcin, Marina"]
[Black "Urh, Zala"]
[Result "0-1"]
[BlackElo "2100"]
[WhiteElo "2263"]
[LiveChessVersion "1.4.6"]

1. e4 {[%clk 1:30:57]} e5 {[%clk 1:30:53]} 2. Nf3 {[%clk 1:31:23]} Nc6
{[%clk 1:31:17]} 3. Bc4 {[%clk 1:31:49]} Bc5 {[%clk 1:31:37]} 4. c3
{[%clk 1:32:13]} Nf6 {[%clk 1:32:02]} 5. d3 {[%clk 1:32:39]} a6 {[%clk 1:32:23]}
6. O-O {[%clk 1:32:37]} Ba7 {[%clk 1:32:39]} 7. a4 {[%clk 1:32:08]} d6
{[%clk 1:31:48]} 8. Na3 {[%clk 1:32:11]} Ne7 {[%clk 1:24:54]} 9. Nc2
{[%clk 1:32:10]} Ng6 {[%clk 1:24:49]} 10. Be3 {[%clk 1:32:12]} O-O
{[%clk 1:24:08]} 11. Bxa7 {[%clk 1:32:37]} Rxa7 {[%clk 1:24:32]} 12. Ne3
{[%clk 1:32:32]} h6 {[%clk 1:18:23]} 13. Qc2 {[%clk 1:23:56]} Re8
{[%clk 1:15:16]} 14. a5 {[%clk 1:04:51]} Nf4 {[%clk 1:11:50]} 15. Rfe1
{[%clk 1:00:33]} Nh7 {[%clk 1:08:24]} 16. d4 {[%clk 0:44:53]} Ng5
{[%clk 1:05:27]} 17. Nxg5 {[%clk 0:44:32]} Qxg5 {[%clk 1:05:37]} 18. f3
{[%clk 0:43:28]} Ra8 {[%clk 0:57:15]} 19. Kh1 {[%clk 0:40:59]} h5
{[%clk 0:51:00]} 20. Qf2 {[%clk 0:24:07]} h4 {[%clk 0:46:20]} 21. Red1
{[%clk 0:23:36]} Be6 {[%clk 0:40:24]} 22. Bxe6 {[%clk 0:13:35]} Rxe6
{[%clk 0:40:23]} 23. Nf5 {[%clk 0:13:14]} exd4 {[%clk 0:27:56]} 24. Rxd4
{[%clk 0:08:39]} d5 {[%clk 0:22:43]} 25. Nxh4 {[%clk 0:06:23]} c5
{[%clk 0:22:00]} 26. Rd2 {[%clk 0:05:47]} Rae8 {[%clk 0:17:30]} 27. Rad1
{[%clk 0:02:46]} dxe4 {[%clk 0:13:07]} 28. fxe4 {[%clk 0:03:08]} Rxe4
{[%clk 0:13:14]} 29. Nf3 {[%clk 0:03:34]} Qg4 {[%clk 0:11:59]} 30. h3
{[%clk 0:02:38]} Qg6 {[%clk 0:09:56]} 31. Rd8 {[%clk 0:01:52]} c4
{[%clk 0:07:16]} 32. R1d4 {[%clk 0:01:03]} Nd3 {[%clk 0:06:34]} 33. Qh4
{[%clk 0:00:54]} Re2 {[%clk 0:01:40]} 34. Rxe8+ {[%clk 0:01:12]} Rxe8
{[%clk 0:02:08]} 35. Rd8 {[%clk 0:01:13]} Rxd8 {[%clk 0:00:50]} 36. Qxd8+ Kh7 37.
Ng5+ {[%clk 0:00:37]} Kh6 {[%clk 0:01:49]} 38. h4 {[%clk 0:00:38]} Qf5
{[%clk 0:00:38]} 39. Qh8+ {[%clk 0:00:41]} Kg6 {[%clk 0:01:08]} 40. Qh7+
{[%clk 0:30:37]} Kf6 {[%clk 0:31:32]} 41. Qxf5+ {[%clk 0:13:12]} Kxf5
{[%clk 0:31:53]} 42. Nxf7 {[%clk 0:13:25]} Nxb2 {[%clk 0:30:33]} 43. Nd6+
{[%clk 0:13:02]} Ke5 {[%clk 0:28:38]} 44. Nxb7 {[%clk 0:12:29]} Na4
{[%clk 0:25:45]} 45. Kg1 {[%clk 0:11:51]} Kd5 {[%clk 0:24:36]} 46. Kf1
{[%clk 0:10:48]} Nxc3 {[%clk 0:24:12]} 47. Ke1 {[%clk 0:10:55]} Nb5
{[%clk 0:23:24]} 48. Kd1 {[%clk 0:07:51]} Nd4 {[%clk 0:23:14]} 49. Nd8
{[%clk 0:08:06]} Nf5 {[%clk 0:20:36]} 50. h5 {[%clk 0:06:19]} Ng3
{[%clk 0:20:05]} 51. Nf7 {[%clk 0:03:40]} Nxh5 {[%clk 0:19:45]} 52. Ng5
{[%clk 0:03:35]} Nf4 {[%clk 0:19:04]} 53. g4 {[%clk 0:04:01]} Nd3
{[%clk 0:18:28]} 54. Nh3 {[%clk 0:02:29]} Kd4 {[%clk 0:18:16]} 55. Kc2
{[%clk 0:01:25]} c3 {[%clk 0:17:32]} 56. Ng1 {[%clk 0:00:49]} Nb4+
{[%clk 0:16:01]} 57. Kb3 {[%clk 0:00:33]} c2 {[%clk 0:12:38]} 58. Kb2
{[%clk 0:00:51]} Kd3 {[%clk 0:09:08]} 59. Nf3 {[%clk 0:01:11]} Ke3
{[%clk 0:09:18]} 60. Ne5 {[%clk 0:01:10]} Nd3+ {[%clk 0:09:16]} 61. Nxd3
{[%clk 0:00:58]} Kxd3 {[%clk 0:09:31]} 62. Kc1 {[%clk 0:01:28]} g5
{[%clk 0:09:21]} 0-1

[Event "EYTCC-G"]
[Site "?"]
[Date "2017.08.19"]
[Round "3.5"]
[White "Kiolbasa, Oliwia"]
[Black "Unuk, Laura"]
[Result "0-1"]
[BlackElo "2343"]
[WhiteElo "2241"]
[LiveChessVersion "1.4.6"]

1. e4 {[%clk 1:30:57]} e5 {[%clk 1:30:47]} 2. Nf3 {[%clk 1:31:16]} Nc6
{[%clk 1:31:09]} 3. Bb5 {[%clk 1:31:33]} a6 {[%clk 1:31:27]} 4. Ba4
{[%clk 1:31:39]} Nf6 {[%clk 1:31:48]} 5. O-O {[%clk 1:31:45]} b5 {[%clk 1:32:08]}
6. Bb3 {[%clk 1:32:05]} Bb7 {[%clk 1:32:31]} 7. d3 {[%clk 1:32:00]} Be7
{[%clk 1:32:46]} 8. Nc3 {[%clk 1:31:47]} O-O {[%clk 1:33:02]} 9. Re1
{[%clk 1:26:20]} d6 {[%clk 1:32:56]} 10. a3 {[%clk 1:26:41]} Qd7 {[%clk 1:29:16]}
11. Ne2 {[%clk 1:22:52]} Rfe8 {[%clk 1:28:24]} 12. Ng3 {[%clk 1:22:47]} h6
{[%clk 1:21:57]} 13. c3 {[%clk 1:18:14]} Bf8 {[%clk 1:19:05]} 14. h3
{[%clk 1:12:31]} Na5 {[%clk 1:15:59]} 15. Bc2 {[%clk 1:11:30]} c5
{[%clk 1:16:05]} 16. Be3 {[%clk 1:11:34]} d5 {[%clk 1:05:29]} 17. Qe2
{[%clk 1:05:27]} Rad8 {[%clk 0:54:40]} 18. Rad1 {[%clk 1:04:52]} Qc7
{[%clk 0:46:52]} 19. Bc1 {[%clk 0:59:15]} Nc6 {[%clk 0:40:58]} 20. Nh4
{[%clk 0:53:40]} d4 {[%clk 0:37:20]} 21. c4 {[%clk 0:45:09]} bxc4
{[%clk 0:36:10]} 22. dxc4 {[%clk 0:45:30]} a5 {[%clk 0:36:21]} 23. Ngf5
{[%clk 0:37:31]} Ba6 {[%clk 0:33:55]} 24. Bd3 {[%clk 0:32:44]} Rb8
{[%clk 0:34:02]} 25. Qf3 {[%clk 0:32:54]} Re6 {[%clk 0:31:19]} 26. g4
{[%clk 0:30:48]} Nh7 {[%clk 0:25:42]} 27. Qg2 {[%clk 0:29:13]} a4
{[%clk 0:18:26]} 28. g5 {[%clk 0:22:51]} hxg5 {[%clk 0:17:37]} 29. Bxg5
{[%clk 0:22:06]} Nxg5 {[%clk 0:16:16]} 30. Qxg5 {[%clk 0:22:26]} Rxb2
{[%clk 0:16:17]} 31. Kh1 {[%clk 0:16:50]} Qd8 {[%clk 0:16:22]} 32. Qg2
{[%clk 0:13:34]} g6 {[%clk 0:13:48]} 33. Nf3 {[%clk 0:12:38]} Qf6
{[%clk 0:10:59]} 34. Rg1 {[%clk 0:07:49]} Na5 {[%clk 0:08:34]} 35. Ng5
{[%clk 0:04:35]} Reb6 {[%clk 0:07:48]} 36. Qg3 {[%clk 0:04:59]} Bxc4
{[%clk 0:03:23]} 37. Bxc4 {[%clk 0:03:17]} Nxc4 {[%clk 0:03:48]} 38. Rc1
{[%clk 0:03:35]} Nd2 {[%clk 0:02:45]} 39. Qh4 {[%clk 0:02:45]} Qh8
{[%clk 0:02:35]} 40. Qg4 {[%clk 0:32:21]} c4 {[%clk 0:30:42]} 41. Nh4
{[%clk 0:24:23]} Qf6 {[%clk 0:26:11]} 42. f3 {[%clk 0:23:30]} c3 {[%clk 0:25:28]}
43. Qc8 {[%clk 0:23:15]} Rb8 {[%clk 0:17:37]} 44. Qd7 {[%clk 0:21:45]} Rb1
{[%clk 0:16:39]} 0-1